| 000 | 00441cam a22001457a 4500 | ||
|---|---|---|---|
| 005 | 20250901165807.0 | ||
| 008 | 110921s2011 ke a 000 j swa | ||
| 010 | _a 2011348607 | ||
| 020 | _a9789966257772 | ||
| 050 | 0 | 0 | _aPL 8704 .B33 2011 |
| 245 | 0 | 0 |
_aKopo la mwisho na hadithi nyingine / _cOmar Babu, mhariri. |
| 260 |
_aNairobi, Kenya : _bEast African Educational Publishers, _c2011. |
||
| 300 |
_a168 p. : _bill. ; _c21 cm. |
||
| 942 | _2lcc | ||
| 999 |
_c9322 _d9322 |
||